| 000 | 00436nam a2200145 i 4500 | ||
|---|---|---|---|
| 001 | 25546 | ||
| 003 | ES-MaACL | ||
| 007 | t| | ||
| 008 | 021227s1940 sp ||||1| spa d | ||
| 100 | 1 |
_aArias Ramos, José. _922803 |
|
| 245 | 1 | 0 |
_aDerecho Romano _b: apuntes didácticos para un curso / _cJosé Arias Ramos. |
| 260 |
_aMadrid : _b[s.n., _c1940] ( _fImp. Galo Sèz) |
||
| 300 |
_a3 v. ; _c21 cm. |
||
| 852 |
_aES-MaACL _jB-9115-17 _bR.18671 |
||
| 999 |
_c25546 _d25546 |
||